000
00310nam a2200133Ia 4500
008
191201s2011 xx 000 0 und d
100
_a
SETHI,Jyotsna
245
0
_a
Elements of Banking and Insurance
250
_a
5th Rep
260
_a
N. Delhi
_b
PHI
_c
2011
300
_a
450
650
_a
MBA
942
_2
ddc
_c
BK
999
_c
5147
_d
5147